<?xml version="1.0" encoding="UTF-8"?>
<record
    xmlns:xsi="http://www.w3.org/2001/XMLSchema-instance"
    xsi:schemaLocation="http://www.loc.gov/MARC21/slim http://www.loc.gov/standards/marcxml/schema/MARC21slim.xsd"
    xmlns="http://www.loc.gov/MARC21/slim">

  <leader>01263nam a22001577a 4500</leader>
  <controlfield tag="008">251024b        |||||||| |||| 00| 0 eng d</controlfield>
  <datafield tag="040" ind1=" " ind2=" ">
    <subfield code="c">TBS</subfield>
  </datafield>
  <datafield tag="041" ind1=" " ind2=" ">
    <subfield code="a">eng</subfield>
  </datafield>
  <datafield tag="100" ind1=" " ind2=" ">
    <subfield code="a">Diederen, Raoul</subfield>
    <subfield code="9">26336</subfield>
    <subfield code="e">author</subfield>
  </datafield>
  <datafield tag="245" ind1=" " ind2=" ">
    <subfield code="a">To servitise or not to servitise</subfield>
    <subfield code="b">: when and how should an industrial manufacturer embark on the path of servitisation</subfield>
    <subfield code="c">/ Raoul Diederen.</subfield>
  </datafield>
  <datafield tag="260" ind1=" " ind2=" ">
    <subfield code="a">[Place of publication not identified] :</subfield>
    <subfield code="b">Publisher not identified],</subfield>
    <subfield code="c">2024.</subfield>
  </datafield>
  <datafield tag="300" ind1=" " ind2=" ">
    <subfield code="a">82 pages ;</subfield>
    <subfield code="c">21 cm.</subfield>
  </datafield>
  <datafield tag="520" ind1=" " ind2=" ">
    <subfield code="a">This book assists CEOs of industrial manufacturing companies in addressing the six most critical questions they should consider when contemplating a servitisation strategy. These questions are:
(1) What are the potential weaknesses in my current strategy? 
(2) What is servitisation and why is it important? 
(3) Is servitisation the right approach for my business? 
(4) Is my organisation prepared for servitisation? 
(5) What resources are necessary to implement servitisation? 
(6) What are the risks and rewards associated with servitisation? 
It enables CEOs to make a balanced assessment of the added value and appropriateness of a servitisation strategy in the context of their company's circumstances.</subfield>
  </datafield>
  <datafield tag="650" ind1=" " ind2="0">
    <subfield code="a">Decision making</subfield>
    <subfield code="9">339</subfield>
  </datafield>
  <datafield tag="942" ind1=" " ind2=" ">
    <subfield code="2">lcc</subfield>
  </datafield>
  <datafield tag="999" ind1=" " ind2=" ">
    <subfield code="c">5111</subfield>
    <subfield code="d">5111</subfield>
  </datafield>
</record>
